| 000 | 00634nam a2200217Ia 4500 | ||
|---|---|---|---|
| 003 | OSt | ||
| 005 | 20220923230714.0 | ||
| 006 | a|||||r|||| 00| 0 | ||
| 007 | ta | ||
| 008 | Pun | ||
| 024 | _a304,924 | ||
| 037 | _cTextual | ||
| 040 |
_aARTS _cARTS _bPun |
||
| 041 |
_2Pun _aPun |
||
| 082 | _aU8:56124.M6, 153L2 | ||
| 100 |
_aਕਾਰ ਰਾਹੀ੍ਵ; FਮFੇਰ, ਜੋਗਿੰਦਰ _9169140 |
||
| 245 | 0 | _aਲੰਡਨ ਤੋ੍ਵ ਦਿੱਲੀ | |
| 260 | _c1972 | ||
| 942 |
_hU8:56124.M6, 153L2 _cTEXL _2CC |
||
| 999 |
_c386731 _d386731 |
||